| 000 | 00584nam a2200217Ia 4500 | ||
|---|---|---|---|
| 008 | 180523s9999 xx 000 0 und d | ||
| 020 | _a1-84112-707-8 | ||
| 050 | _aMAIN HD 30.28 | ||
| 050 | _b.M53 2006 | ||
| 100 | _aMiddleton, John. | ||
| 245 | 0 | _aStrategy express / | |
| 245 | 0 | _cJohn Middleton and Bob Gorzynski. | |
| 260 | _aEngland : | ||
| 260 | _bCapstone Publishing, | ||
| 260 | _c2006 | ||
| 300 | _a126 pages : | ||
| 300 | _c17 cm. | ||
| 500 | _aIncludes bibliographical references and index. | ||
| 650 | _aStrategic planning. | ||
| 650 | _xBusiness planning. | ||
| 999 |
_c356819 _d356819 |
||